[Event "New York op"]
[Site "New York"]
[Date "1984.??.??"]
[Round "3"]
[White "De Firmian, Nick E"]
[Black "Rizzitano, James"]
[Result "1/2-1/2"]
[WhiteElo "2515"]
[BlackElo "2390"]

1.e4 e5 2.Nf3 Nc6 3.Bb5 f5 4.Nc3 fxe4 5.Nxe4 Nf6 6.Qe2 d5 7.Nxf6+ gxf6 8.d4 Bg7
9.dxe5 O-O 10.Bxc6 bxc6 11.e6 Re8 12.O-O Rxe6 13.Qd3 c5 14.Re1 Rxe1+ 15.Nxe1 Be6
16.Bf4 c6 17.Qe3 Qe7 18.Nd3 d4 19.Qe4 Re8 20.Qxc6 c4 21.Nc5 Bf7 22.h3 Rd8
23.Rd1 Rd5 24.b4 Bf8 25.Kf1 d3 26.cxd3 cxd3 27.Rxd3 Rxd3 28.Nxd3 Bxa2 29.Be3 Qf7
30.Kg1 Bd5 31.Qc3 a6 32.Nf4 Bb7 33.Bd4 Bd6 34.Qe3 Bxb4 35.Qg3+ Kf8 36.Nd3 Qe7
37.Nxb4 Qxb4 38.Bxf6 Be4 39.Qg7+ Ke8 40.Qg8+ Kd7 41.Qf7+ Kc6 42.Qe8+ Kd5
43.Qd7+ Kc4 44.Qe6+ Kb5 45.Qd7+ Kc4 46.Qe6+ Kb5 47.f3 Bg6 48.Qd7+ Kc4 49.Qe6+ Kb5
50.Be5 Qc4 51.Qf6 a5 52.Bd4 Qd5 53.Kf2 Qc6 54.Qe5+ Kc4 55.Qf4 Qd5 56.Bf6+ Kc5
57.g4 Kc6 58.Kg3 Kd7 59.Bc3 Qd6 60.Be5 Qb4 61.Qe3 a4 62.f4 Be4 63.Bc3 Qc4
64.Kh4 Bc2 65.f5 Bxf5 66.Qa7+ Ke8 67.Bf6 Qe4 68.Kg5 Bd7  1/2-1/2

[Event "New York op"]
[Site "New York"]
[Date "1984.??.??"]
[Round "4"]
[White "Popovych, Orest"]
[Black "De Firmian, Nick E"]
[Result "0-1"]
[WhiteElo "2260"]
[BlackElo "2515"]

1.e4 c5 2.Nf3 d6 3.d4 cxd4 4.Nxd4 Nf6 5.Nc3 a6 6.f4 e5 7.Nf3 Nbd7 8.a4 Be7
9.Bc4 Qa5 10.Bd2 exf4 11.Qe2 O-O 12.Nd5 Qd8 13.Bxf4 Nxd5 14.Bxd5 Qb6 15.c3 Nf6
16.a5 Qc7 17.O-O Nxd5 18.exd5 Bf6 19.Qf2 Bf5 20.Kh1 Rfe8 21.Qg3 Rad8 22.Nd2 Bg6
23.Be3 Be5 24.Qf2 Rd7 25.Bb6 Qc8 26.Qf3 Rde7 27.Ra4 Qd7 28.Rb4 Bf6 29.Bf2 Re2
30.Nc4 Be4 31.Qh5 Bd3 32.Bg3 R2e4 33.Nb6 Qe7 34.Rg1 Rxb4 35.cxb4 Bd4 36.Rc1 Bxb2
37.Rg1 Bd4 38.Rc1 Qe3 39.Qd1 Be2 40.Qe1 f5 41.Bxd6 f4 42.Bc5 f3 43.Bxd4 Qxd4
44.Rc4 f2 45.Qc1  0-1

[Event "New York op"]
[Site "New York"]
[Date "1984.??.??"]
[Round "5"]
[White "De Firmian, Nick E"]
[Black "Hjorth, Greg"]
[Result "1-0"]
[WhiteElo "2515"]
[BlackElo "2415"]

1.e4 e6 2.d4 d5 3.Nc3 Bb4 4.e5 Ne7 5.a3 Bxc3+ 6.bxc3 Nbc6 7.Bd3 Nf5 8.Qg4 Nce7
9.Ne2 c5 10.Ng3 Nxg3 11.hxg3 Qa5 12.Bd2 c4 13.Bxh7 Kf8 14.Ke2 Bd7 15.Rh4 Rc8
16.Rah1 Qxa3 17.Qg5 Ba4 18.Rg4 Ke8 19.Qxg7 Kd7 20.Rb1 b5 21.Rf4 Rhe8 22.Rxf7 Kc6
23.Qf6 Kb6 24.Qxe6+ Nc6 25.Qxd5 Rcd8 26.Rd7 Rxd7 27.Qxd7 Re7 28.Qf5 Qa2 29.Rc1 b4
30.Be3 b3 31.d5+ Ka5 32.dxc6 b2 33.e6+ Ka6 34.Rd1 b1=Q 35.Rxb1 Qxb1 36.Bc5 Re8
37.e7 Qb5 38.c7 Qc6 39.Qe5 Qh6 40.Bf5 Bc6 41.c8=Q+ Rxc8 42.Bxc8+  1-0

[Event "New York op"]
[Site "New York"]
[Date "1984.??.??"]
[Round "6"]
[White "London, Dimitri"]
[Black "De Firmian, Nick E"]
[Result "1-0"]
[WhiteElo "2335"]
[BlackElo "2515"]

1.e4 c5 2.Nf3 d6 3.d4 cxd4 4.Nxd4 Nf6 5.Nc3 a6 6.Be2 e5 7.Nb3 Be7 8.O-O O-O
9.Be3 Be6 10.f4 exf4 11.Rxf4 Nc6 12.Nd5 Bxd5 13.exd5 Ne5 14.Kh1 Rc8 15.a4 Re8
16.a5 Nfd7 17.Bg1 Bf6 18.c3 g6 19.Qf1 Bg7 20.Qf2 Qc7 21.Rf1 Re7 22.Qa7 Rce8
23.Bxa6 Nf6 24.Bb5 Nxd5 25.Bxe8 Rxe8 26.Re4 f5 27.Ree1 Qf7 28.Nd4 Nf6 29.a6 bxa6
30.Qxa6 d5 31.Nf3 Ne4 32.Rd1 g5 33.Bd4 Ng4 34.Bxg7 Ngf2+ 35.Kg1 Nxd1 36.Bd4 Nxb2
37.Ne5 Qc7 38.Rxf5 Nc4 39.Ng4  1-0

[Event "New York op"]
[Site "New York"]
[Date "1984.??.??"]
[Round "7"]
[White "De Firmian, Nick E"]
[Black "Hjartarson, Johann"]
[Result "0-1"]
[WhiteElo "2515"]
[BlackElo "2415"]

1.e4 e5 2.Nf3 Nc6 3.Bb5 a6 4.Ba4 Nf6 5.O-O Be7 6.Re1 b5 7.Bb3 d6 8.c3 O-O
9.h3 Na5 10.Bc2 c5 11.d4 Qc7 12.Nbd2 cxd4 13.cxd4 Bd7 14.Nf1 Rac8 15.Re2 Rfe8
16.Ng3 Nc6 17.Be3 exd4 18.Nxd4 d5 19.Nxc6 Bxc6 20.e5 Ne4 21.Nxe4 dxe4 22.Bf4 Qb7
23.Qe1 f5 24.Rd1 Bd5 25.Rxd5 Qxd5 26.Bb3 Rc4 27.Rd2 Qe6 28.Qd1 Rec8 29.h4 Kf8
30.g3 h6 31.h5 Ke8 32.Bxc4 Rxc4 33.b3 Rc8 34.Rd5 Rd8 35.Rxd8+ Bxd8 36.Qd4 Bb6
37.Qc3 Kf7 38.Kg2 Qd5 39.Be3 Bxe3 40.Qxe3 Ke6 41.Qb6+ Kxe5 42.Qb8+ Kd4 43.Kf1 Kd3
44.Qa7 Kc2 45.Qc7+ Kb1 46.Ke1 Qd4 47.Qc8 a5 48.Qxf5 Kxa2 49.Qf7 b4 50.g4 Qc3+
51.Kf1 Qh3+ 52.Ke1 Qxb3 53.Qa7 Qc3+ 54.Kf1 b3 55.Qf7 a4 56.g5 hxg5 57.Qe6 a3  0-1

[Event "New York op"]
[Site "New York"]
[Date "1984.??.??"]
[Round "9"]
[White "De Firmian, Nick E"]
[Black "Schroer, Jonathan"]
[Result "1-0"]
[WhiteElo "2515"]
[BlackElo "2315"]

1.e4 d5 2.exd5 Nf6 3.d4 Nxd5 4.Nf3 Bg4 5.Be2 Nc6 6.O-O e6 7.Re1 Be7 8.c3 O-O
9.Nbd2 Qd7 10.Ne4 Bxf3 11.Bxf3 e5 12.Nc5 Bxc5 13.dxc5 Rad8 14.Qb3 Na5 15.Qc2 Rfe8
16.Bg5 f6 17.Rad1 Qf7 18.Bc1 Ne7 19.b4 Nac6 20.Be3 f5 21.b5 e4 22.Be2 Ne5
23.Bd4 N7g6 24.Bf1 h6 25.h3 Nf4 26.Bxe5 Rxd1 27.Rxd1 Rxe5 28.Qa4 Rxc5 29.Qxa7 Rxc3
30.Qxb7 Kh7 31.Qc8 Ra3 32.Rd8 Rxa2 33.Rf8 Qd5 34.Rh8+ Kg6 35.Qxc7 Ra1 36.Qxf4 Qxb5
37.Qd6+ Kg5 38.Qe7+ Kf4 39.Qc7+  1-0

[Event "Oslo"]
[Site "Oslo"]
[Date "1984.??.??"]
[Round "?"]
[White "Hort, Vlastimil"]
[Black "De Firmian, Nick E"]
[Result "1/2-1/2"]
[WhiteElo "2615"]
[BlackElo "2550"]

1.e4 c5 2.Nc3 d6 3.f4 Nc6 4.Nf3 g6 5.Bb5 Bg7 6.O-O Bd7 7.d3 Nd4 8.Bxd7+ Qxd7
9.Be3 Nh6 10.Kh1 f5 11.Qd2 Nxf3 12.Rxf3 O-O 13.Re1 b6 14.Bg1 Rae8 15.Rff1 e5
16.exf5 Nxf5 17.fxe5 Bxe5 18.Nd5 Ne7 19.Rxf8+ Rxf8 20.Nxe7+ Qxe7 21.c3 Qf7
22.a3 Bg7 23.Qe2 Qd5 24.Bf2 Be5 25.Kg1 Rf7 26.Qe3 Bf4 27.Qe8+ Kg7 28.Qe2 Be5
29.Be3 Bf4 30.Bxf4 Rxf4 31.h3 Rf7 32.Qe3 h5 33.Qg3 Qf5 34.Re4 Qf1+ 35.Kh2 Qf6
36.d4 Re7 37.Rf4 Qe6 38.Rf3 cxd4 39.cxd4 Qd5 40.Qh4 Rf7 41.Re3 Qf5 42.Qg3 Qd5
43.Qh4 Qf5 44.b4 Qf4+ 45.Qxf4 Rxf4 46.Re7+ Rf7 47.Re8 Kf6 48.Kg3 Re7 49.Rxe7 Kxe7
50.Kf4 Kf6 51.b5 g5+ 52.Ke4 Ke6 53.g3 d5+ 54.Kf3 Kf5 55.h4 Kf6 56.Kg2 Kf5  1/2-1/2

[Event "Oslo"]
[Site "Oslo"]
[Date "1984.??.??"]
[Round "?"]
[White "De Firmian, Nick E"]
[Black "Makarichev, Sergey"]
[Result "0-1"]
[WhiteElo "2550"]
[BlackElo "2495"]

1.e4 c5 2.Nf3 d6 3.d4 cxd4 4.Nxd4 Nf6 5.Nc3 Nc6 6.Bc4 Bd7 7.Bb3 g6 8.f3 Nxd4
9.Qxd4 Bg7 10.Bg5 Qa5 11.Qd2 Rc8 12.O-O-O Rxc3 13.bxc3 O-O 14.Kb1 Re8 15.Bh6 Bxh6
16.Qxh6 Qxc3 17.Qd2 Qc7 18.Rhe1 a5 19.Qd4 b5 20.a3 Rc8 21.Rd2 a4 22.Ba2 Be6
23.e5 dxe5 24.Qxe5 Bxa2+ 25.Kxa2 Qc4+ 26.Kb1 h5 27.Red1 Rc7 28.h3 Kh7 29.Qd4 Qe6
30.g4 Rc4 31.Qd3 Qb6 32.Qd8 Qc5 33.Qf8 Qxa3 34.Qxf7+ Kh6 35.g5+ Kxg5 36.Rd5+ Nxd5
37.Rxd5+ Kh4 38.Rxb5 Rb4+ 39.Rxb4+ Qxb4+ 40.Ka2 g5  0-1

[Event "Oslo"]
[Site "Oslo"]
[Date "1984.??.??"]
[Round "?"]
[White "Karpov, Anatoly"]
[Black "De Firmian, Nick E"]
[Result "1/2-1/2"]
[WhiteElo "2705"]
[BlackElo "2550"]

1.Nf3 c5 2.c4 Nf6 3.Nc3 e6 4.e3 Nc6 5.d4 d5 6.cxd5 Nxd5 7.Bd3 Be7 8.O-O O-O
9.a3 cxd4 10.exd4 Nxc3 11.bxc3 b6 12.Be4 Bb7 13.Qd3 h6 14.Rd1 Rc8 15.Bf4 Bd6
16.Bg3 Qc7 17.Rac1 Rfd8 18.c4 Bxg3 19.hxg3 Na5 20.Bxb7 Qxb7 21.Rc3 Rc7 22.Rdc1 Rcd7
23.Qe3 Nc6 24.Rd3 Rd6 25.g4 Qd7 26.Rcd1 f6 27.Qe4 e5 28.d5 Ne7 29.Rb1 Rc8
30.Rdb3 Qe8 31.Nd2 Rdd8 32.Rd3 Ng6 33.a4 Nf4 34.Ra3 Qd7 35.f3 Qe7 36.Re3 Ne6
37.a5 Nc5 38.Qc2 bxa5 39.Rb5 a4 40.Ne4 a6 41.Rxc5 Rxc5 42.Qxa4 Qa7 43.Nxc5 Qxc5
44.Qb3 Rc8  1/2-1/2

[Event "Oslo"]
[Site "Oslo"]
[Date "1984.??.??"]
[Round "?"]
[White "De Firmian, Nick E"]
[Black "Arnason, Jon L"]
[Result "0-1"]
[WhiteElo "2550"]
[BlackElo "2500"]

1.e4 e5 2.Nf3 Nc6 3.Bb5 a6 4.Ba4 Nf6 5.O-O Be7 6.Re1 b5 7.Bb3 d6 8.c3 O-O
9.h3 Na5 10.Bc2 c5 11.d4 Bb7 12.Nbd2 cxd4 13.cxd4 Rc8 14.Nf1 d5 15.dxe5 Nxe4
16.Ng3 f5 17.exf6 Bxf6 18.Nxe4 dxe4 19.Qxd8 Rfxd8 20.Bxe4 Bxe4 21.Rxe4 Rc2
22.Rb1 Nc4 23.b3 Nd6 24.Re1 Rxa2 25.Bg5 Bxg5 26.Nxg5 Rf8 27.Nf3 Re8 28.Red1 Ne4
29.Rbc1 Nf6 30.Rc7 h6 31.Nh4 Rae2 32.Nf5 Re1+ 33.Rxe1 Rxe1+ 34.Kh2 Ne8 35.Ra7 Re6
36.g4 Kf8 37.Kg3 Rc6 38.f3 Nc7 39.h4 Kf7 40.Kf4 Kf6 41.g5+ hxg5+ 42.hxg5+ Kf7
43.Nd4 Rc1 44.Kf5 g6+ 45.Ke4 Ke8 46.Ne2 Rc5 47.Nf4 Kd8 48.b4 Rf5 49.Nxg6 Rxg5
50.Nf4 Rg1 51.Ke5 Rh1 52.Ne6+ Nxe6 53.Kxe6 Rh4 54.Rxa6 Rf4 55.Kd6 Rf6+ 56.Kc5 Rxa6
57.Kxb5 Rf6 58.Ka5 Rxf3 59.b5 Kc7  0-1

[Event "Oslo"]
[Site "Oslo"]
[Date "1984.??.??"]
[Round "?"]
[White "Agdestein, Simen"]
[Black "De Firmian, Nick E"]
[Result "0-1"]
[WhiteElo "2435"]
[BlackElo "2550"]

1.d4 Nf6 2.c4 e6 3.Nc3 Bb4 4.e3 c5 5.Bd3 Nc6 6.Ne2 cxd4 7.exd4 d5 8.O-O dxc4
9.Bxc4 O-O 10.a3 Bd6 11.Ba2 b6 12.Qd3 Bb7 13.Rd1 Rc8 14.Ng3 h6 15.Nge4 Nxe4
16.Qxe4 Na5 17.Qg4 Qf6 18.Ne4 Bxe4 19.Qxe4 Rfd8 20.Rd3 Bb8 21.Rc3 Rxc3 22.bxc3 Bd6
23.g3 Rc8 24.Bb2 Bf8 25.Qe2 g6 26.Rd1 Bg7 27.Rd2 Rd8 28.c4 Qf5 29.Kg2 Nb7
30.Bb3 Nd6 31.Bc2 Qa5 32.g4 Nxc4 33.Qxc4 Qxd2 34.Qc7 Rf8 35.Qc4 Qf4  0-1

[Event "Oslo"]
[Site "Oslo"]
[Date "1984.??.??"]
[Round "?"]
[White "De Firmian, Nick E"]
[Black "Huebner, Robert"]
[Result "1/2-1/2"]
[WhiteElo "2550"]
[BlackElo "2620"]

1.e4 e5 2.Nf3 Nc6 3.Bb5 a6 4.Ba4 Nf6 5.O-O Nxe4 6.d4 b5 7.Bb3 d5 8.dxe5 Be6
9.Nbd2 Nc5 10.c3 d4 11.Bxe6 Nxe6 12.cxd4 Ncxd4 13.Ne4 Be7 14.Be3 Nf5 15.Qc2 O-O
16.Rad1 Nxe3 17.fxe3 Qc8 18.Nd4 Nxd4 19.exd4 Qe6 20.Rf3 c6 21.Rdf1 Rad8 22.Nf6+ Bxf6
23.exf6 Rxd4 24.fxg7 Kxg7 25.h3 f6 26.Qc5 Qd6 27.Qa7+ Kh8 28.Qxa6 Ra4 29.Qb6 Rxa2
30.Qf2 c5 31.Rf5 c4 32.Rxb5 c3 33.Rb3 Rc8 34.Qf5 Rc5 35.Rb8+ Qxb8 36.Qxf6+ Kg8
37.Qf7+ Kh8 38.Qf6+ Kg8 39.Qf7+  1/2-1/2

[Event "Reykjavik"]
[Site "Reykjavik"]
[Date "1984.??.??"]
[Round "?"]
[White "De Firmian, Nick E"]
[Black "Kristinsson, Jon"]
[Result "1-0"]
[WhiteElo "2515"]
[BlackElo "2385"]

1.e4 e5 2.Nf3 Nc6 3.Bb5 a6 4.Ba4 Nf6 5.O-O Nxe4 6.d4 b5 7.Bb3 d5 8.dxe5 Be6
9.Nbd2 Nxd2 10.Bxd2 Be7 11.c3 O-O 12.Bf4 Qd7 13.Qd3 Rad8 14.Rad1 Na5 15.Bc2 g6
16.Nd4 Nc4 17.Rb1 c5 18.Nxe6 Qxe6 19.Qg3 f6 20.exf6 Qxf6 21.Bh6 Bd6 22.Qh3 Rf7
23.f4 Re8 24.Rbe1 Rxe1 25.Rxe1 Re7  1-0

[Event "Reykjavik"]
[Site "Reykjavik"]
[Date "1984.??.??"]
[Round "?"]
[White "De Firmian, Nick E"]
[Black "Olafsson, Helgi"]
[Result "1/2-1/2"]
[WhiteElo "2515"]
[BlackElo "2445"]

1.e4 c5 2.Nf3 d6 3.d4 cxd4 4.Nxd4 Nf6 5.Nc3 a6 6.f4 e5 7.Nf3 Nbd7 8.a4 Be7
9.Bc4 Qa5 10.Bd2 exf4 11.Qe2 Ne5 12.Bb3 O-O 13.Nd5 Qd8 14.Nxf4 Bd7 15.Bc3 Bc6
16.O-O-O Qc7 17.Nd5 Bxd5 18.Bxd5 Rab8  1/2-1/2

[Event "Reykjavik"]
[Site "Reykjavik"]
[Date "1984.??.??"]
[Round "?"]
[White "Bjarnason, Saevar"]
[Black "De Firmian, Nick E"]
[Result "1-0"]
[WhiteElo "2375"]
[BlackElo "2515"]

1.e4 c5 2.Nf3 d6 3.Nc3 g6 4.d4 cxd4 5.Nxd4 Bg7 6.Be3 Nc6 7.Qd2 Nf6 8.f3 O-O
9.O-O-O Nxd4 10.Bxd4 Be6 11.g4 Qa5 12.h4 Bxa2 13.h5 Be6 14.hxg6 fxg6 15.Qh2 h6
16.Kb1 g5 17.Bd3 Rac8 18.Nd5 Rf7 19.Bxf6 Bxf6 20.Qxh6 Bxd5 21.exd5 Qb6 22.Bh7+ Rxh7
23.Qxh7+ Kf8 24.Qh8+ Bxh8 25.Rxh8+ Kf7 26.Rxc8 Qf2 27.Rc3 b5 28.b4 Qe2 29.Rd4 a6
30.Rcd3 Kf8 31.Re4 Qf2 32.Kb2 Qg2 33.Rde3 Qf2 34.Rd3 Qg2 35.Rc3 Qd2 36.Rc7 Qxd5
37.Rcxe7 Qd1 38.Re8+ Kf7 39.R4e7+ Kf6 40.Re6+ Kf7 41.R6e7+ Kf6 42.Re4 Kf7
43.R8e7+ Kf8 44.Rd7 d5 45.f4 Qf3 46.Rd4 Qxg4 47.R7xd5 gxf4 48.Re5 Kf7 49.Ree4 Qg7
50.Rxf4+ Ke6 51.Re4+ Kf5 52.Rf4+ Ke6 53.Rg4 Qh8 54.Rg6+ Ke7 55.Rd6 Qe5 56.Rd5 Qh8
57.Kb1 Qh1+ 58.Rd1 Qe4 59.R5d4 Qe5 60.Rd7+ Ke8 61.R7d4 Ke7 62.c3 Qe6 63.Kb2 Qe2+
64.R4d2 Qe5 65.Rd4 Qe2+ 66.R1d2 Qe5 67.Rh4 Qf5 68.Rhh2 Qg6 69.Rhe2+ Kf8 70.Rd4 Qf6
71.Rg4 Qh6 72.Rgg2 Qb6 73.Rgf2+ Kg8 74.Rf1 Qg6 75.Ref2 Kg7 76.Rh1 Kg8 77.Rhh2 Qe6
78.Rhg2+ Kh7 79.Rg3 Qh6 80.Rfg2 Kh8 81.Rg4 Kh7 82.Kc2 Kh8 83.Rg8+ Kh7 84.R2g7+  1-0

[Event "Reykjavik"]
[Site "Reykjavik"]
[Date "1984.??.??"]
[Round "?"]
[White "Alburt, Lev O"]
[Black "De Firmian, Nick E"]
[Result "0-1"]
[WhiteElo "2515"]
[BlackElo "2515"]

1.d4 Nf6 2.c4 e6 3.g3 c5 4.d5 exd5 5.cxd5 d6 6.Nc3 g6 7.Bf4 Bg7 8.Qa4+ Bd7
9.Qb3 Qc7 10.Nf3 O-O 11.Nd2 Nh5 12.Be3 f5 13.Nc4 Na6 14.Bg2 Rae8 15.Bf3 f4
16.gxf4 Nxf4 17.O-O Bxc3 18.Qxc3 Bh3 19.Rfe1 Qd8 20.Kh1 b5 21.Na5 Nc7 22.Qd2 Qh4
23.Nb7 Re5 24.Nxd6 Ncxd5 25.Bxc5 Bg2+ 26.Bxg2 Rh5 27.h3 Nxg2 28.Qd3 Nge3  0-1

[Event "Reykjavik"]
[Site "Reykjavik"]
[Date "1984.??.??"]
[Round "?"]
[White "De Firmian, Nick E"]
[Black "Arnason, Jon L"]
[Result "0-1"]
[WhiteElo "2515"]
[BlackElo "2500"]

1.e4 e5 2.Nf3 Nc6 3.Bb5 a6 4.Ba4 d6 5.O-O Bd7 6.d4 b5 7.Bb3 Nxd4 8.Nxd4 exd4
9.c3 dxc3 10.Qh5 Qe7 11.Nxc3 Nf6 12.Qf3 Qd8 13.Qg3 Nh5 14.Qd3 g6 15.e5 Bg7
16.Ne4 O-O 17.Bg5 Qe8 18.exd6 Bf5 19.Rfe1 cxd6 20.g4 Bxg4 21.Nxd6 Qd7 22.Be7 Bxb2
23.Bxf7+ Kg7 24.Bxf8+ Rxf8 25.Be8 Qa7 26.Qd2 Bxa1 27.Rxa1 Nf4 28.Bc6 Ne2+
29.Kh1 Qxf2 30.Qb2+ Kh6 31.Qd2+ g5  0-1

[Event "Copenhagen"]
[Site "Copenhagen"]
[Date "1985.??.??"]
[Round "1"]
[White "Mortensen, Erling"]
[Black "De Firmian, Nick E"]
[Result "1/2-1/2"]
[WhiteElo "2460"]
[BlackElo "2540"]

1.e4 c5 2.Nc3 d6 3.Nge2 e5 4.Nd5 Ne7 5.Nec3 Nxd5 6.Nxd5 Nc6 7.Bc4 Be6 8.d3 Be7
9.O-O O-O 10.f4 exf4 11.Bxf4 Na5 12.Qd2 Re8 13.Nxe7+ Rxe7 14.Bd5 Nc6 15.Bxc6 bxc6
16.e5 dxe5 17.Bxe5 f6 18.Bc3 c4 19.dxc4 Qxd2 20.Bxd2 Bxc4 21.Rfe1 Rae8 22.b3 Be2
23.Kf2 Kf7 24.Rac1 a6  1/2-1/2

[Event "Copenhagen"]
[Site "Copenhagen"]
[Date "1985.??.??"]
[Round "3"]
[White "De Firmian, Nick E"]
[Black "Pinter, Jozsef"]
[Result "0-1"]
[WhiteElo "2540"]
[BlackElo "2540"]

1.e4 c5 2.Nf3 d6 3.d4 cxd4 4.Nxd4 Nf6 5.Nc3 a6 6.Bc4 e6 7.Bb3 b5 8.O-O Be7
9.f4 Bb7 10.Be3 b4 11.e5 bxc3 12.exf6 Bxf6 13.f5 e5 14.Ne2 cxb2 15.Rb1 O-O
16.Rxb2 Qc7 17.Bd5 Bxd5 18.Qxd5 Nc6 19.Bb6 Qd7 20.Ng3 Rab8 21.Nh5 Bd8 22.Bxd8 Rxb2
23.f6 g6 24.Bb6 Rxb6 25.Qd2 Qg4 26.Qh6 gxh5 27.Rf3 Nd4  0-1

[Event "Copenhagen"]
[Site "Copenhagen"]
[Date "1985.??.??"]
[Round "8"]
[White "Olafsson, Helgi"]
[Black "De Firmian, Nick E"]
[Result "1/2-1/2"]
[WhiteElo "2515"]
[BlackElo "2540"]

1.Nf3 c5 2.c4 Nf6 3.Nc3 e6 4.g3 b6 5.Bg2 Bb7 6.d4 cxd4 7.Qxd4 Nc6 8.Qf4 Bb4
9.Bd2 O-O 10.O-O Be7 11.Rfd1 d6 12.Rac1 h6 13.Be1 Qb8 14.h3 a6 15.Qe3 b5
16.cxb5 axb5 17.b3 d5 18.Qd2 Ne4 19.Nxe4 dxe4 20.Nh2 Bg5 21.e3 Ne5 22.Bf1 Bd5
23.Rc5 Nd3 24.Bxd3 exd3 25.Qxd3 Rxa2 26.h4 Be7 27.Rxb5 Qa8 28.Bb4 Bh1 29.Qf1 Rd8
30.Rc1 Bxb4 31.Rxb4 Rb2 32.Ng4 Bd5 33.Ne5 Rxb3 34.Rxb3 Bxb3 35.Nc6 Re8 36.e4 Ba4
37.Qc4 Bxc6 38.Qxc6 Qxc6 39.Rxc6 h5  1/2-1/2

[Event "Copenhagen"]
[Site "Copenhagen"]
[Date "1985.??.??"]
[Round "9"]
[White "De Firmian, Nick E"]
[Black "Larsen, Bent"]
[Result "1/2-1/2"]
[WhiteElo "2540"]
[BlackElo "2520"]

1.e4 c5 2.Nf3 Nc6 3.d4 cxd4 4.Nxd4 Nf6 5.Nc3 d6 6.Bc4 e6 7.Bb3 Be7 8.Be3 a6
9.Qe2 Na5 10.O-O-O Nxb3+ 11.axb3 Qa5 12.Kb1 Bd7 13.g4 h6 14.f4 O-O-O 15.Bf2 Rhe8
16.Rhg1 g6 17.e5 Nd5 18.Nxd5 exd5 19.Qf3 Kb8 20.Rge1 Bf8 21.Bh4 Rc8 22.Bf6 Ka8
23.f5 dxe5 24.Rxe5 Rxe5 25.Bxe5 g5 26.Ne2 Bc6 27.Qg3 Qd8 28.h3 Bc5 29.Nc3 Qd7
30.Qd3 Qe7 31.Bd4 Rd8 32.Ne2 Bb4 33.Bg1 Kb8 34.Nd4 Bd7 35.Nf3 Bc6 36.Qd4 Qe2
37.Rd3 Ba5 38.Qa7+ Kc8 39.Bh2 Bc7 40.Bxc7 Kxc7 41.Nd4 Qe1+ 42.Ka2 Qa5+  1/2-1/2

[Event "Copenhagen"]
[Site "Copenhagen"]
[Date "1985.??.??"]
[Round "11"]
[White "De Firmian, Nick E"]
[Black "Kristiansen, Jens"]
[Result "1-0"]
[WhiteElo "2540"]
[BlackElo "2455"]

1.e4 g6 2.d4 Bg7 3.Nc3 d6 4.f4 Nc6 5.Nf3 Bg4 6.Be3 Bxf3 7.gxf3 d5 8.Qd2 e6
9.O-O-O Nge7 10.h4 h5 11.Na4 O-O 12.c4 dxc4 13.Bxc4 Qb8 14.Nc5 Rd8 15.Qc3 b6
16.Nxe6 fxe6 17.Bxe6+ Kh7 18.e5 Rf8 19.f5 gxf5 20.Rhg1 Qe8 21.Rxg7+ Kxg7
22.d5 f4 23.Bd7 Qf7 24.Bf2 Nxd5 25.Qxc6 Ne3 26.Rg1+ Kh8 27.e6 Qf6 28.Be1 Nf5
29.Bc3 Nd4 30.e7 Nxc6 31.exf8=Q+ Rxf8 32.Bxc6  1-0

[Event "New York op"]
[Site "New York"]
[Date "1985.??.??"]
[Round "1"]
[White "Hoffmann, Asa"]
[Black "De Firmian, Nick E"]
[Result "0-1"]
[WhiteElo "2315"]
[BlackElo "2540"]

1.Nc3 c5 2.g3 Nc6 3.Bg2 g6 4.d3 Bg7 5.h4 Nf6 6.Bg5 h6 7.Bd2 d5 8.Qc1 d4 9.Ne4 Nxe4
10.Bxe4 Bg4 11.a3 a5 12.c4 Qc8 13.b3 Ne5 14.Kf1 h5 15.Bg5 Bd7 16.Nf3 Ng4
17.Nh2 Bc6 18.Bg2 Bxg2+ 19.Kxg2 Qc6+ 20.Kg1 e5 21.Nxg4 hxg4 22.Bd2 e4 23.Bg5 f6
24.Bd2 Kf7 25.Rb1 g5 26.h5 Rh6 27.Qf1 Rah8 28.Qg2 f5 29.Bxg5 Rxh5 30.Rxh5 Rxh5
31.Bf4 Rh8 32.b4 cxb4 33.axb4 a4 34.b5 Qe6 35.c5 a3 36.Ra1 Ra8 37.Qf1 Qd5
38.c6 bxc6 39.b6 c5 40.f3 gxf3 41.Qc1 fxe2 42.Qc4 Qxc4 43.dxc4 d3  0-1

[Event "New York op"]
[Site "New York"]
[Date "1985.??.??"]
[Round "2"]
[White "De Firmian, Nick E"]
[Black "Mateo, Ramon"]
[Result "1-0"]
[WhiteElo "2540"]
[BlackElo "2390"]

1.e4 c5 2.Nf3 Nc6 3.d4 cxd4 4.Nxd4 Nf6 5.Nc3 d6 6.Bc4 e6 7.Be3 Be7 8.Qe2 a6
9.O-O-O Qc7 10.Bb3 Na5 11.g4 b5 12.g5 Nxb3+ 13.axb3 Nd7 14.h4 Bb7 15.f3 Rc8
16.h5 b4 17.Na4 Ne5 18.Kb1 O-O 19.g6 Bf6 20.h6 Rfe8 21.gxf7+ Qxf7 22.hxg7 Bxg7
23.Qh2 Bf6 24.Rdg1+ Kh8 25.Qf4 Rf8 26.Nxe6 Ng6 27.Qxd6 Rfe8 28.Ng5 Bxg5 29.Bxg5 Rc6
30.Qxb4  1-0

[Event "New York op"]
[Site "New York"]
[Date "1985.??.??"]
[Round "3"]
[White "Frias, Victor J"]
[Black "De Firmian, Nick E"]
[Result "0-1"]
[WhiteElo "2440"]
[BlackElo "2540"]

1.Nf3 c5 2.c4 Nf6 3.g3 b6 4.Bg2 Bb7 5.Nc3 e6 6.d4 cxd4 7.Qxd4 Nc6 8.Qf4 Bb4
9.Bd2 O-O 10.O-O Be7 11.Rfd1 d6 12.Rac1 Rc8 13.Be1 Rc7 14.e4 Rd7 15.Qe3 Qa8
16.Qe2 Rc8 17.Nd4 a6 18.Nxc6 Bxc6 19.a4 Rdd8 20.f3 Nd7 21.b3 Qb8 22.Bf2 Bf6
23.Qa2 Ba8 24.Ne2 h6 25.Rc2 b5 26.cxb5 axb5 27.axb5 d5 28.exd5 Rxc2 29.Qxc2 Bxd5
30.Nf4 Qxb5 31.Nxd5 exd5 32.f4 Nf8 33.Qd3 Qxd3 34.Rxd3 d4 35.b4 Nd7 36.Be4 Nb6
37.Kg2 Nc4 38.Kf3 Nb2 39.Rd2 d3 40.Bb6 Nc4 41.Bxd8 Nxd2+ 42.Ke3 Nxe4 43.Kxd3 Nf2+
44.Ke2 Bxd8 45.Kxf2 Kf8  0-1

[Event "New York op"]
[Site "New York"]
[Date "1985.??.??"]
[Round "4"]
[White "De Firmian, Nick E"]
[Black "Kudrin, Sergey"]
[Result "1/2-1/2"]
[WhiteElo "2540"]
[BlackElo "2485"]

1.Nf3 Nf6 2.c4 c5 3.Nc3 b6 4.e3 g6 5.d4 Bg7 6.Be2 O-O 7.O-O d6 8.b3 Bb7 9.Bb2 cxd4
10.Nxd4 a6 11.Bf3 Ra7 12.Rc1 e6 13.Na4 Qc7 14.Bxb7 Qxb7 15.Qf3 Qxf3 16.gxf3 Rb7
17.Nc3 Rc8 18.Rfd1  1/2-1/2

[Event "New York op"]
[Site "New York"]
[Date "1985.??.??"]
[Round "9"]
[White "Alburt, Lev O"]
[Black "De Firmian, Nick E"]
[Result "0-1"]
[WhiteElo "2535"]
[BlackElo "2540"]

1.d4 Nf6 2.Nf3 e6 3.c4 c5 4.g3 cxd4 5.Nxd4 Nc6 6.Bg2 Qb6 7.Nc2 d5 8.O-O dxc4
9.Nca3 Qa6 10.b3 Be7 11.bxc4 O-O 12.Nb5 Qa5 13.Bd2 Qd8 14.Bf4 e5 15.Bg5 Bg4
16.Nd2 Rc8 17.h3 Be6 18.Qa4 Qd7 19.Kh2 Ng4+ 20.hxg4 Bxg5 21.Ne4 Be7 22.Rfd1 Nd4
23.Qxa7 Rxc4 24.Nxd4 Rxd4 25.Rxd4 Qxd4 26.Qxd4 exd4 27.Bf3 b5 28.Nd2 Bb4
29.Nb3 Rd8 30.Rc1 Bc4 31.Rc2 g6 32.Be4 Bc3 33.Bd3 Ra8 34.Nd2 Rxa2 35.Nxc4 Rxc2
36.Bxc2 bxc4 37.g5 Bd2 38.f4 Kf8 39.Kg2 Ke7 40.Kf3 Kd6 41.Ke4 Kc5 42.Ke5 Bc3
43.Ke4 Be1 44.g4 Bd2 45.Ke5 Bc3 46.Ke4 Bd2 47.Ke5 Be3 48.Bb1 Kb4 49.f5 Kc3
50.Kf6 Kd2 51.Kxf7 Kxe2 52.Ke6 d3  0-1

[Event "Biel-JMT"]
[Site "Biel"]
[Date "1986.??.??"]
[Round "?"]
[White "De Firmian, Nick E"]
[Black "Costa, Jean Luc"]
[Result "1/2-1/2"]
[WhiteElo "2490"]
[BlackElo "2315"]

1.d4 d5 2.c4 dxc4 3.e3 Nf6 4.Bxc4 e6 5.Nf3 c5 6.O-O a6 7.Qe2 b5 8.Bd3 Bb7
9.dxc5 Bxc5 10.e4 Nbd7 11.e5 Bxf3 12.gxf3 Nh5 13.Be4 Rc8 14.Rd1 Bd4 15.Nc3 Bxe5
16.f4 Nxf4 17.Qf3 Qc7 18.Bb7 Rd8 19.Bxa6 b4 20.Nb5 Qb8 21.Be3 Nd5 22.Ba7 Qa8  1/2-1/2

[Event "Biel-JMT"]
[Site "Biel"]
[Date "1986.??.??"]
[Round "?"]
[White "Franzoni, Giancarlo"]
[Black "De Firmian, Nick E"]
[Result "1-0"]
[WhiteElo "2375"]
[BlackElo "2490"]

1.e4 c5 2.Nc3 d6 3.Nge2 g6 4.d4 cxd4 5.Nxd4 Bg7 6.Be2 Nc6 7.Nb3 Nf6 8.O-O O-O
9.Bg5 a5 10.a4 Be6 11.f4 Rc8 12.Kh1 Nb4 13.Nd4 Bc4 14.Ndb5 Qd7 15.Bxc4 Rxc4
16.Bxf6 Bxf6 17.e5 Bg7 18.exd6 exd6 19.Qxd6 Qf5 20.Rf2 Nxc2 21.g4 Qxg4 22.Rxc2 Rxf4
23.Qd5 Re8 24.Rg1 Qh4 25.Qg5 Qxg5 26.Rxg5 Rd8 27.Rgg2 Rf1+ 28.Rg1 Rf4 29.Re1 h5
30.Re4 Rf5 31.Rce2 Kh7 32.Kg2 g5 33.Re8 Rd3 34.R8e3 Rd8 35.Ne4 Kg6 36.Ned6 Rf4
37.b3 Rd7 38.Re7 Rg4+ 39.Kh1 Rd8 40.Rxf7  1-0

[Event "Biel-JMT"]
[Site "Biel"]
[Date "1986.??.??"]
[Round "?"]
[White "De Firmian, Nick E"]
[Black "Horn, Pascal"]
[Result "1/2-1/2"]
[WhiteElo "2490"]
[BlackElo "2270"]

1.d4 Nf6 2.c4 b6 3.Nc3 Bb7 4.f3 d5 5.cxd5 Nxd5 6.e4 Nxc3 7.bxc3 Nd7 8.Bc4 e5
9.Ne2 Qh4+ 10.Ng3 Bd6 11.O-O exd4 12.cxd4 Bxg3 13.hxg3 Qxg3 14.Ba3 h5 15.Qa4 O-O-O
16.Qxa7 h4 17.Rac1 h3 18.Rc2 Rh5 19.Ba6 Bxa6 20.Qxa6+ Kb8 21.Bb4 hxg2 22.Rxg2 Qf4
23.Bd2 Qd6 24.Be3 Rdh8 25.Kf2 Rh2 26.Rg1 Nf8 27.Qc4 f6 28.Qf7 Ne6 29.Rxh2 Rxh2+
30.Rg2 Nxd4  1/2-1/2

[Event "Biel-JMT"]
[Site "Biel"]
[Date "1986.??.??"]
[Round "?"]
[White "De Firmian, Nick E"]
[Black "Csom, Istvan"]
[Result "1/2-1/2"]
[WhiteElo "2490"]
[BlackElo "2505"]

1.e4 c5 2.Nf3 a6 3.g3 b6 4.Bg2 Bb7 5.Nc3 d6 6.O-O e6 7.d4 cxd4 8.Nxd4 Be7
9.f4 Qc7 10.f5 e5 11.Nb3 Nf6 12.a4 Nbd7 13.Be3 h6 14.Bf3  1/2-1/2

[Event "Biel-JMT"]
[Site "Biel"]
[Date "1986.??.??"]
[Round "?"]
[White "Trepp, Markus"]
[Black "De Firmian, Nick E"]
[Result "0-1"]
[WhiteElo "2380"]
[BlackElo "2490"]

1.e4 c5 2.Nf3 d6 3.d4 cxd4 4.Nxd4 Nf6 5.Nc3 a6 6.Be3 e5 7.Nf3 Be7 8.Bc4 Be6
9.Bxe6 fxe6 10.Ng5 Qd7 11.Qf3 d5 12.exd5 exd5 13.O-O-O d4 14.Nce4 O-O 15.Bd2 Nc6
16.Qd3 Nxe4 17.Nxe4 b5 18.h4 Qd5 19.Kb1 h6 20.c3 Rad8 21.cxd4 exd4 22.f4 Bb4
23.g3 Bxd2 24.Nxd2 Qxa2+ 25.Kxa2 Nb4+ 26.Kb3 Nxd3 27.Ne4 Rfe8 28.Rxd3 Rxe4
29.Rhd1 Kf7 30.Kc2 Ke6 31.Ra1 Rd6 32.Kd2 Kd5 33.Rda3 Rde6 34.Rxa6 Re2+ 35.Kd1 Re1+
36.Kd2 R6e2+  0-1